00501nam a2200181 a 450000100060000000300090000600800410001502000150005604000280007108200180009910000250011724500280014225000060017026000620017630000110023849000480024965000220029710970CO-ViMGA141112s2004 ck r 000 u spa d a9581401024 aCO-ViMGAbspacCO-ViMGA04aCo861.6 M13mL1 aMalo Nestor Madrid, 10aMemoria de los sueños a1 aBogotá, cPlaza y Janes editores Colombia Ltda., c1985 a170 p. aSelección cultura Colombiana - Literatura14aPOESIA COLOMBIANA